[Event "1st Donner mem group B"]
[Site "Amsterdam NED"]
[Date "1994.08.19"]
[Round "1"]
[White "Ligterink, Gert"]
[Black "Ree, Hans"]
[Result "1-0"]
[WhiteElo "2430"]
[BlackElo "2440"]
[EventDate "1994.08.19"]
[PlyCount "75"]

1.d4 d5 2.c4 dxc4 3.e3 Nf6 4.Bxc4 e6 5.Nf3 c5 6.O-O a6 7.Bd3
cxd4 8.exd4 Nc6 9.Nc3 Be7 10.Bg5 O-O 11.Rc1 Nd5 12.Nxd5 exd5
13.Bxe7 Qxe7 14.Rc5 Bg4 15.Rxd5 Rfd8 16.Rxd8+ Rxd8 17.d5 Ne5
18.Be2 Bxf3 19.Bxf3 Qb4 20.b3 Qa5 21.Be4 Qxa2 22.Qd4 Nd7
23.Bxh7+ Kh8 24.Qh4 Qa5 25.Be4+ Kg8 26.Qh7+ Kf8 27.Qh8+ Ke7
28.Qxg7 Qb4 29.Qg5+ f6 30.Qf5 Nc5 31.Bf3 Rd6 32.Rc1 b6 33.Qc8
Nd7 34.Bh5 Rxd5 35.Qe8+ Kd6 36.Bf7 Re5 37.Rd1+ Kc5 38.Qc8+ 1-0

[Event "1st Donner mem group B"]
[Site "Amsterdam NED"]
[Date "1994.08.20"]
[Round "2"]
[White "Velimirovic, Dragoljub"]
[Black "Unzicker, Wolfgang"]
[Result "1/2-1/2"]
[WhiteElo "2525"]
[BlackElo "2430"]
[EventDate "1994.08.19"]
[PlyCount "95"]

1.e4 e5 2.Nf3 Nc6 3.Bb5 a6 4.Ba4 Nf6 5.O-O Be7 6.Re1 b5 7.Bb3
d6 8.c3 O-O 9.h3 Na5 10.Bc2 c5 11.d4 Qc7 12.Nbd2 Bd7 13.Nf1
Nc4 14.Ng3 Rfe8 15.d5 Bf8 16.a4 bxa4 17.Bxa4 Reb8 18.Bxd7 Qxd7
19.b3 Nb6 20.Bg5 Ne8 21.Ra5 Nc7 22.c4 Qe8 23.Bd2 Rb7 24.Qc2
Nd7 25.Ra3 g6 26.Rb1 Qc8 27.Ne1 Ne8 28.Nd3 Be7 29.b4 Bd8
30.Rba1 cxb4 31.Bxb4 Rab8 32.Ba5 Bxa5 33.Rxa5 Rc7 34.Rc1 Nc5
35.Nxc5 Rxc5 36.Qa4 Rxa5 37.Qxa5 Rb5 38.Qa4 Rc5 39.Nf1 Nf6
40.Nd2 Nd7 41.Rb1 Rc7 42.Qa3 Nc5 43.Rb6 Qd8 44.Qb4 h5 45.Rb8
Rc8 46.Rxc8 Qxc8 47.Qb6 Qd7 48.f3 1/2-1/2

[Event "1st Donner mem group B"]
[Site "Amsterdam NED"]
[Date "1994.08.21"]
[Round "3"]
[White "Ligterink, Gert"]
[Black "Bronstein, David"]
[Result "1-0"]
[WhiteElo "2430"]
[BlackElo "2440"]
[EventDate "1994.08.19"]
[PlyCount "97"]

1. d4 Nf6 2. c4 d6 3. Nc3 e5 4. Nf3 Nfd7 5. e4 c6 6. Be2 Be7
7. O-O O-O 8. Rb1 Re8 9. d5 a5 10. a3 c5 11. Ne1 Na6 12. Nd3
Nb6 13. b3 Bg5 14. Bb2 Nc7 15. a4 Nd7 16. Bg4 g6 17. g3 Bh6
18. Kh1 Bg7 19. Qd2 h5 20. Bh3 h4 21. Rbe1 hxg3 22. hxg3 b6
23. Kg2 Bb7 24. f4 Nf6 25. fxe5 dxe5 26. Qf2 Qd6 27. Qf3 Re7
28. Bc1 Nh7 29. g4 Bf6 30. Qg3 Bg5 31. Bb2 f6 32. Ne2 Na6
33. Bc3 Nb4 34. Bxb4 cxb4 35. Ng1 Rae8 36. Nf3 Kg7 37. Qf2 Bc8
38. Re2 Ba6 39. Rc2 Bf4 40. Rd1 Rc8 41. g5 fxg5 42. c5 Qd8
43. Nxf4 gxf4 44. d6 Rd7 45. Qh4 g5 46. Qg4 Rdc7 47. dxc7 Qxd1
48. Rd2 Bf1+ 49. Kh2 1-0

[Event "1st Donner mem group B"]
[Site "Amsterdam NED"]
[Date "1994.08.21"]
[Round "3"]
[White "Unzicker, Wolfgang"]
[Black "Pachman, Ludek"]
[Result "1/2-1/2"]
[WhiteElo "2430"]
[BlackElo "2340"]
[EventDate "1994.08.19"]
[PlyCount "28"]

1.e4 e6 2.d4 d5 3.Nc3 Nf6 4.Bg5 dxe4 5.Nxe4 Be7 6.Bxf6 Bxf6
7.Nf3 O-O 8.Qd2 b6 9.O-O-O Bb7 10.Bd3 Nd7 11.Qf4 Be7 12.Kb1
Nf6 13.Nxf6+ Bxf6 14.Be4 Bxe4 1/2-1/2

[Event "1st Donner mem group B"]
[Site "Amsterdam NED"]
[Date "1994.08.21"]
[Round "3"]
[White "Hort, Vlastimil"]
[Black "Velimirovic, Dragoljub"]
[Result "0-1"]
[WhiteElo "2555"]
[BlackElo "2525"]
[EventDate "1994.08.19"]
[PlyCount "126"]

1.e4 c5 2.c3 e6 3.d4 d5 4.e5 Nc6 5.Nf3 Qb6 6.a3 c4 7.Nbd2 Na5
8.g3 Bd7 9.h4 h5 10.Bh3 Nh6 11.Rb1 Be7 12.O-O f5 13.Ng5 Nf7
14.Ndf3 Nxg5 15.Bxg5 Bxg5 16.Nxg5 g6 17.Bg2 Qd8 18.Nh3 Qe7
19.Qd2 O-O-O 20.Qg5 Qxg5 21.Nxg5 Rdf8 22.Rbe1 Nc6 23.Bf3 Nd8
24.Bxd5 exd5 25.e6 Rf6 26.exd7+ Kxd7 27.Re5 Rd6 28.Rfe1 Rf8
29.Re7+ Kc6 30.Nh3 Rf7 31.Re8 Kb5 32.Nf4 Ka4 33.R1e2 Nc6
34.Kf1 b5 35.Ke1 Kb3 36.Kd1 a5 37.Ne6 b4 38.axb4 axb4 39.Nc5+
Ka2 40.Kc1 Ra7 41.Rd2 Na5 42.Rb8 Nb3+ 43.Nxb3 cxb3 44.Re2 Ra4
45.Rc8 f4 46.gxf4 Rf6 47.Ree8 Raa6 48.f5 gxf5 49.Rc5 bxc3
50.Rxc3 Rfc6 51.Rb8 Rxc3+ 52.bxc3 f4 53.Rb7 Ra3 54.Rb8 Ka1
55.Rb7 b2+ 56.Rxb2 Rxc3+ 57.Rc2 Rxc2+ 58.Kxc2 Ka2 59.Kc3 Ka3
60.Kd3 Kb3 61.Ke2 Kc3 62.Kf3 Kxd4 63.Kxf4 Kc3 0-1

[Event "1st Donner mem group B"]
[Site "Amsterdam NED"]
[Date "1994.08.22"]
[Round "4"]
[White "Bronstein, David"]
[Black "Ree, Hans"]
[Result "0-1"]
[WhiteElo "2440"]
[BlackElo "2440"]
[EventDate "1994.08.19"]
[PlyCount "84"]

1. e4 c5 2. Nf3 e6 3. d3 Nc6 4. g3 Nge7 5. Bg2 g6 6. d4 cxd4
7. Nxd4 Bg7 8. Be3 d5 9. Nc3 Bxd4 10. Bxd4 e5 11. Bc5 d4
12. Bxe7 Nxe7 13. Ne2 Qb6 14. b3 Be6 15. Nc1 Nc6 16. Qd2 Qb4
17. a3 Qxd2+ 18. Kxd2 a5 19. Nd3 Ke7 20. f4 f6 21. a4 Rhc8
22. h4 Bg4 23. Nb2 Nb4 24. Nc4 Rc5 25. Rae1 Bd7 26. Bh3 Bxa4
27. h5 gxh5 28. Bf1 Be8 29. Be2 Bf7 30. fxe5 fxe5 31. Bxh5
Bxc4 32. bxc4 Rxc4 33. Bd1 a4 34. Ref1 a3 35. Rxh7+ Kd6
36. Rxb7 a2 37. Rf6+ Kc5 38. Rc7+ Kb5 39. Be2 d3 40. Rb7+ Ka5
41. Bxd3 a1=Q 42. Bxc4 Qd4+ 0-1

[Event "1st Donner mem group B"]
[Site "Amsterdam NED"]
[Date "1994.08.22"]
[Round "4"]
[White "Velimirovic, Dragoljub"]
[Black "Gligoric, Svetozar"]
[Result "1/2-1/2"]
[WhiteElo "2525"]
[BlackElo "2445"]
[EventDate "1994.08.19"]
[PlyCount "36"]

1.e4 e5 2.Nf3 Nc6 3.Bb5 a6 4.Ba4 Nf6 5.O-O Be7 6.Re1 b5 7.Bb3
d6 8.c3 O-O 9.h3 Nb8 10.d4 Nbd7 11.Nbd2 Bb7 12.Bc2 Re8 13.Nf1
Bf8 14.Ng3 g6 15.a4 c5 16.d5 c4 17.Bg5 h6 18.Be3 Nc5 1/2-1/2

[Event "1st Donner mem group B"]
[Site "Amsterdam NED"]
[Date "1994.08.22"]
[Round "4"]
[White "Hartoch, Robert"]
[Black "Ligterink, Gert"]
[Result "1/2-1/2"]
[WhiteElo "2345"]
[BlackElo "2430"]
[EventDate "1994.08.19"]
[PlyCount "47"]

1.Nf3 Nf6 2.g3 g6 3.b3 Bg7 4.Bb2 O-O 5.Bg2 d6 6.d4 e5 7.dxe5
Nfd7 8.Qd2 dxe5 9.e4 Na6 10.O-O Nac5 11.Nc3 a5 12.Rad1 Re8
13.Qc1 c6 14.a4 Ne6 15.Rfe1 Qc7 16.Nb1 Ndc5 17.Na3 f6 18.Nc4
Bf8 19.Nfd2 Nd4 20.Bxd4 exd4 21.Nf3 Rxe4 22.Rxe4 Nxe4 23.Nxd4
Nc3 24.Rd3 1/2-1/2

[Event "1st Donner mem group B"]
[Site "Amsterdam NED"]
[Date "1994.08.22"]
[Round "4"]
[White "Unzicker, Wolfgang"]
[Black "Hort, Vlastimil"]
[Result "1-0"]
[WhiteElo "2430"]
[BlackElo "2555"]
[EventDate "1994.08.19"]
[PlyCount "105"]

1.e4 c5 2.Nf3 e6 3.d4 cxd4 4.Nxd4 a6 5.Bd3 g6 6.O-O Bg7 7.Be3
Ne7 8.c4 d6 9.Nc3 Nd7 10.Be2 O-O 11.Qd2 Qc7 12.Rfd1 Nf6 13.Nb3
Ne8 14.Na4 Bd7 15.Nb6 Rd8 16.Rac1 Nc8 17.c5 Bc6 18.Na5 Ne7
19.cxd6 Nxd6 20.Qb4 Rfe8 21.Bf4 e5 22.Bg5 f6 23.Be3 f5 24.Nd5
Qd7 25.Nxe7+ Qxe7 26.Rxc6 bxc6 27.Nxc6 Qf6 28.Nxd8 Rxd8 29.Bb6
Rd7 30.Bxa6 Bf8 31.Qb3+ Kh8 32.exf5 gxf5 33.Bc5 Rg7 34.Qb8 Rd7
35.Bxd6 Rxd6 36.Rxd6 Qxd6 37.Qxd6 Bxd6 38.Bc8 f4 39.Bf5 Kg7
40.Kf1 h5 41.Ke2 Bc5 42.f3 Kf6 43.Bd7 Bg1 44.b4 Ke7 45.Bf5 Kd6
46.Kd3 Bxh2 47.Kc4 Bg3 48.a4 Be1 49.a5 h4 50.Be4 Bd2 51.Kb5
Be1 52.Kb6 Bxb4 53.a6 1-0

[Event "1st Donner mem group B"]
[Site "Amsterdam NED"]
[Date "1994.08.23"]
[Round "5"]
[White "Gligoric, Svetozar"]
[Black "Unzicker, Wolfgang"]
[Result "0-1"]
[WhiteElo "2445"]
[BlackElo "2430"]
[EventDate "1994.08.19"]
[PlyCount "68"]

1.d4 Nf6 2.c4 e6 3.Nc3 Bb4 4.e3 O-O 5.Bd3 d5 6.Nf3 c5 7.O-O
dxc4 8.Bxc4 cxd4 9.exd4 b6 10.Bg5 Bb7 11.Re1 Nbd7 12.Rc1 Rc8
13.Bd3 Bxc3 14.bxc3 Qc7 15.Bh4 Qf4 16.Bg3 Qg4 17.Be2 Qf5 18.c4
Rfd8 19.d5 Nc5 20.Nh4 Qg5 21.Bf3 g6 22.Qd4 exd5 23.Bf4 Qxh4
24.g3 dxc4 25.Qb2 Qh3 26.Bxb7 Ng4 27.f3 Nxb7 28.fxg4 Qxg4
29.Be5 Qd7 30.Bf6 Re8 31.Qf2 Nc5 32.Rxe8+ Rxe8 33.Qf4 Ne4
34.Be5 Qd5 0-1

[Event "1st Donner mem group B"]
[Site "Amsterdam NED"]
[Date "1994.08.23"]
[Round "5"]
[White "Ree, Hans"]
[Black "Hartoch, Robert"]
[Result "1/2-1/2"]
[WhiteElo "2440"]
[BlackElo "2345"]
[EventDate "1994.08.19"]
[PlyCount "48"]

1.c4 e5 2.Nc3 d6 3.g3 g6 4.Bg2 Bg7 5.e3 Nf6 6.Nge2 O-O 7.O-O
Re8 8.d3 c6 9.b3 a5 10.Bb2 Na6 11.Qd2 Qc7 12.Rad1 Bd7 13.h3
Rad8 14.d4 Bc8 15.d5 Nc5 16.e4 Nh5 17.g4 Nf6 18.Ng3 cxd5
19.cxd5 b6 20.Rfe1 Ba6 21.Bf1 Bxf1 22.Kxf1 Qe7 23.Kg2 h5 24.f3
h4 1/2-1/2

[Event "1st Donner mem group B"]
[Site "Amsterdam NED"]
[Date "1994.08.25"]
[Round "6"]
[White "Pachman, Ludek"]
[Black "Bronstein, David"]
[Result "0-1"]
[WhiteElo "2340"]
[BlackElo "2440"]
[EventDate "1994.08.19"]
[PlyCount "82"]

1. d4 d6 2. c4 g6 3. Nc3 Bg7 4. e4 Nf6 5. f3 e5 6. Nge2 O-O
7. Bg5 exd4 8. Nxd4 Nc6 9. Nc2 h6 10. Be3 Be6 11. Qd2 Ne5
12. b3 c6 13. Be2 d5 14. exd5 cxd5 15. c5 Nc6 16. Nd4 Nd7
17. O-O Qe7 18. Nxc6 bxc6 19. Rac1 Rad8 20. Bxh6 Bxh6 21. Qxh6
Nxc5 22. Qd2 Bf5 23. Nb1 d4 24. b4 d3 25. Bd1 Na6 26. a3 c5
27. b5 Nc7 28. a4 Be6 29. Qe3 Rd4 30. Bb3 Rfd8 31. Rfd1 Qf8
32. Nd2 Bd5 33. Bxd5 Nxd5 34. Qg5 Nf4 35. Rc4 R8d5 36. Qf6 Qe8
37. Rxd4 Qe3+ 38. Kh1 Rxd4 39. Ne4 d2 40. Qh4 Nh5 41. h3 c4
0-1

[Event "1st Donner mem group B"]
[Site "Amsterdam NED"]
[Date "1994.08.25"]
[Round "6"]
[White "Unzicker, Wolfgang"]
[Black "Ligterink, Gert"]
[Result "1/2-1/2"]
[WhiteElo "2430"]
[BlackElo "2430"]
[EventDate "1994.08.19"]
[PlyCount "45"]

1.e4 c5 2.Nf3 d6 3.d4 cxd4 4.Nxd4 Nf6 5.Nc3 Nc6 6.Bg5 e6 7.Qd2
Be7 8.O-O-O O-O 9.f4 Nxd4 10.Qxd4 Qa5 11.e5 dxe5 12.Qxe5 Qxe5
13.fxe5 Nd5 14.Bxe7 Nxe7 15.Bd3 b6 16.Be4 Rb8 17.Rhe1 Bb7
18.Rd7 Bxe4 19.Rxe4 Nc6 20.Nb5 Rfd8 21.Rc7 Rdc8 22.Rd7 Rd8
23.Rc7 1/2-1/2

[Event "1st Donner mem group B"]
[Site "Amsterdam NED"]
[Date "1994.08.26"]
[Round "7"]
[White "Gligoric, Svetozar"]
[Black "Pachman, Ludek"]
[Result "1-0"]
[WhiteElo "2445"]
[BlackElo "2340"]
[EventDate "1994.08.19"]
[PlyCount "59"]

1.d4 Nf6 2.c4 e6 3.Nc3 Bb4 4.e3 O-O 5.Bd3 d5 6.Nf3 c5 7.O-O
dxc4 8.Bxc4 b6 9.Qe2 Bb7 10.Rd1 cxd4 11.exd4 Bxc3 12.bxc3 Qc7
13.Bd3 Nbd7 14.c4 Rfe8 15.Bb2 Rad8 16.h3 Qf4 17.Qe3 Qxe3
18.fxe3 e5 19.Bf1 exd4 20.exd4 Bc6 21.a4 Re3 22.d5 Bb7 23.a5
Rb3 24.Bxf6 Nxf6 25.Nd4 Re3 26.Rdb1 Re4 27.Nb5 Re7 28.Nxa7
Bxd5 29.axb6 Be4 30.Rc1 1-0

[Event "1st Donner mem group B"]
[Site "Amsterdam NED"]
[Date "1994.08.27"]
[Round "8"]
[White "Velimirovic, Dragoljub"]
[Black "Bronstein, David"]
[Result "0-1"]
[WhiteElo "2525"]
[BlackElo "2440"]
[EventDate "1994.08.19"]
[PlyCount "76"]

1. e4 c5 2. Nf3 d6 3. d4 cxd4 4. Nxd4 Nf6 5. Nc3 a6 6. Be3 e6
7. Qd2 b5 8. f3 Nbd7 9. g4 h6 10. O-O-O Bb7 11. h4 b4 12. Nce2
d5 13. Bh3 dxe4 14. g5 hxg5 15. hxg5 exf3 16. Ng3 Ne5 17. gxf6
gxf6 18. Kb1 Qc7 19. Bf4 Bd5 20. Qe3 Be7 21. Bg2 Rxh1 22. Bxh1
O-O-O 23. Nxf3 Bxa2+ 24. Kc1 Rxd1+ 25. Kxd1 Nc4 26. Qc1 e5
27. Bh6 f5 28. b3 f4 29. Nf1 Qd6+ 30. Ke2 Qxh6 31. N3d2 Qxh1
32. bxc4 e4 33. Qa1 Qh5+ 34. Kf2 Bc5+ 35. Kg2 f3+ 36. Kg3 Bd6+
37. Kf2 Qh4+ 38. Ke3 Bc5+ 0-1

[Event "1st Donner mem group B"]
[Site "Amsterdam NED"]
[Date "1994.08.27"]
[Round "8"]
[White "Unzicker, Wolfgang"]
[Black "Smyslov, Vassily"]
[Result "1/2-1/2"]
[WhiteElo "2430"]
[BlackElo "2510"]
[EventDate "1994.08.19"]
[PlyCount "22"]

1. e4 e5 2. Nf3 Nc6 3. Bb5 a6 4. Ba4 d6 5. O-O Nf6 6. c3 Be7
7. d4 O-O 8. Nbd2 Nd7 9. Bxc6 bxc6 10. dxe5 Nxe5 11. Nxe5 dxe5
1/2-1/2

[Event "1st Donner mem group B"]
[Site "Amsterdam NED"]
[Date "1994.08.28"]
[Round "9"]
[White "Bronstein, David"]
[Black "Unzicker, Wolfgang"]
[Result "1/2-1/2"]
[WhiteElo "2440"]
[BlackElo "2430"]
[EventDate "1994.08.19"]
[PlyCount "46"]

1. e4 e5 2. Nf3 Nc6 3. Bc4 Bc5 4. c3 Nf6 5. d3 d6 6. b4 Bb6
7. Bb3 Ne7 8. a4 c6 9. a5 Bc7 10. O-O O-O 11. Re1 Ng6 12. d4
d5 13. Nbd2 exd4 14. cxd4 dxe4 15. Nxe4 Nxe4 16. Rxe4 h6
17. d5 cxd5 18. Qxd5 Qxd5 19. Bxd5 Rd8 20. Bb3 Bf5 21. Re1 Bd6
22. Ba3 Be7 23. b5 Bxa3 1/2-1/2

[Event "1st Donner mem group B"]
[Site "Amsterdam NED"]
[Date "1994.08.28"]
[Round "9"]
[White "Hartoch, Robert"]
[Black "Velimirovic, Dragoljub"]
[Result "0-1"]
[WhiteElo "2345"]
[BlackElo "2525"]
[EventDate "1994.08.19"]
[PlyCount "80"]

1.Nf3 c5 2.c4 g6 3.g3 Bg7 4.Bg2 e5 5.Nc3 Ne7 6.O-O Nbc6 7.a3
O-O 8.Rb1 a5 9.Ne1 d6 10.Nc2 Bf5 11.d3 Qd7 12.b4 cxb4 13.axb4
Bh3 14.Bxh3 Qxh3 15.bxa5 Rxa5 16.Rb5 Rxb5 17.cxb5 Nd8 18.Ba3
Qd7 19.Ne3 Ne6 20.Nc4 Nc8 21.Qb1 Rd8 22.Rc1 d5 23.Nd2 Nb6
24.Nf3 Rc8 25.Qb3 e4 26.dxe4 Rxc3 27.Rxc3 dxe4 28.Bb2 exf3
29.Rxf3 Bxb2 30.Qxb2 Qd1+ 31.Kg2 Qd5 32.Qf6 Qd7 33.h4 h5
34.Qe5 Nc4 35.Qf6 Nc5 36.Qf4 Qd5 37.Qb8+ Kg7 38.Kh2 Ne5 39.Rf4
Ne6 40.e4 Qd4 0-1

[Event "1st Donner mem group B"]
[Site "Amsterdam NED"]
[Date "1994.08.28"]
[Round "9"]
[White "Ree, Hans"]
[Black "Gligoric, Svetozar"]
[Result "1/2-1/2"]
[WhiteElo "2440"]
[BlackElo "2445"]
[EventDate "1994.08.19"]
[PlyCount "107"]

1.d4 Nf6 2.Nf3 e6 3.e3 c5 4.Bd3 b6 5.O-O Bb7 6.c3 Be7 7.Nbd2
cxd4 8.cxd4 Nc6 9.a3 d5 10.b4 O-O 11.Bb2 a5 12.b5 Na7 13.Ne5
Ne4 14.Nxe4 dxe4 15.Bc4 Bd5 16.Qb3 f6 17.Bxd5 Qxd5 18.Qxd5
exd5 19.Nd7 Rfd8 20.Nxb6 Rab8 21.Na4 Nxb5 22.Rfc1 Kf7 23.Kf1
Nd6 24.Rc7 Nc4 25.Bc1 Rdc8 26.Ra7 Ke6 27.Ke1 Rb3 28.Kd1 h5
29.Ra6+ Kf5 30.Ra7 Bf8 31.Ke2 g5 32.Ra2 Nxa3 33.Bxa3 Rxa3
34.Rxa3 Bxa3 35.Kd2 Bb4+ 36.Kd1 Rc6 37.h3 h4 38.Rb7 Ke6 39.f3
f5 40.fxe4 dxe4 41.Rb5 Rd6 42.Nb6 Rd8 43.Re5+ Kf6 44.Nd5+ Kg6
45.Re6+ Kg7 46.Re5 Rf8 47.Nxb4 axb4 48.Rb5 Kg6 49.Rxb4 f4
50.Ke2 Ra8 51.Rb6+ Kf7 52.Rb7+ Ke6 53.Rb5 Ra2+ 54.Kf1 1/2-1/2